Scènes de La Cité de la Peur dans le désordre - Statistiques

Statistiques générales
  • Ce quiz a été pris 480 fois
  • Le résultat moyen est 4 sur 15
Statistiques - réponses
Hint Réponse % Correct
La Cité de la Peur
58%
La Cité de la Peur
47%
La Cité de la Peur
47%
La Cité de la Peur
44%
La Cité de la Peur
39%
La Cité de la Peur
20%
La Cité de la Peur
20%
La Cité de la Peur
19%
La Cité de la Peur
18%
La Cité de la Peur
16%
La Cité de la Peur
16%
La Cité de la Peur
15%
La Cité de la Peur
15%
La Cité de la Peur
12%
La Cité de la Peur
10%
Aucun quiz correspondant
Distribution des résultats
% des personnes avec chaque résultat
Percentile par nombre de réponses
Votre historique - résultats
Vous n’avez pas pris ce quiz